1268 1687 1736 1606 1518 1022 1296 1599 1598 1744 1399 1091 1893 1736 1550 1040 1075 1804 1650 1890 1455 1475 1288 1366 1095 1275 1989 1725 1261 1577 1864 1628 1345 1749 1842 1163 1550 1047 1712 1725 1522 1302 1365 1392 1487 1438 1586 1289 1498 1927 1676 1636 1728 1064 1095 1247 1789 1128 1577 1782 1488 1415 1284 1005 1742 1121 1021 1644 1439 1189 1498 1152 1987 1442 1800 1628 1442 1362 1747 1509 1299 1907 1387 1070 1259 1361 1696 1044 1793 1246 1709 1880 1918 1877 1609 1153 1015 1229 1610 BCNSPRNW ULIB Ver.6.0+V

เปลี่ยนเป็นภาษาไทย

Change to English
 แสดงรายละเอียดบรรณานุกรม
  กลับหน้าหลัก

Brief Record : Get Marc (ISO 2709) : E-mail record : QR code < ปิดหน้าต่าง
LEADER : 00000nam 2200000uu 4500
001    13399110970
003     ULIB
008    110614s||||||||th 000 0 tha d
020    9789741080625
050  4 AC158^bซ118ว 2551
100 1  เฮยองู, ชิน
245 10 วิทยาศาสตร์ฉลาดรู้ เรื่อง สัตว์พิษและพืชพิษ /^cชินเฮยอง,เขียน ; อมรรัตน์ ทิราพงษ์, แปล
250    พิมพ์ครั้งที่ 3
260    กรุงเทพฯ :^bอัมรินทร์คอมมิกส์,^c2551
300    199 หน้า :^bภาพประกอบ ;^c21 ซม.
440  0 ชุดวิทยาศาสตร์ฉลาดรู้ ;^vลำดับที่ 15
650  7 การ์ตูน
650  7 พืชมีพิษ^xวรรณกรรมสำหรับเด็ก
650  7 สัตว์มีพิษ^xวรรณกรรมสำหรับเด็ก
650  7 วรรณกรรมเกาหลี
650  7 วรรณกรรมสำหรับเด็ก
700 0  อมรรัตน์ ทิราพงษ์,^eผู้แปล
945    ^p199^l0^i024353
995    ทศพร
999 ^a ใช้งานได้ทุกระบบ
รายการนี้ยังไม่มีแท็ก
คุณยังไม่ได้ล็อกอิน คุณสามารถมีกิจกรรมร่วมกับเว็บไซต์ได้ แต่ต้องล็อกอินก่อน ::
  ล็อกอิน

รายการสื่อสารสนเทศ

ลำดับที่ ประเภท เลขเรียก/บาร์โค้ด สถานที่ สถานะ
- ไม่พบข้อมูล -

รายการใกล้เคียง
    ผู้แต่ง [เฮยองู, ชิน]

    หัวเรื่อง [การ์ตูน]
    หัวเรื่อง [วรรณกรรมเกาหลี]
    หัวเรื่อง [วรรณกรรมสำหรับเด็ก]

BibComment


ยังไม่เคยถูกคอมเมนท์

คอมเมนท์ทรัพยากรรายการนี้
  คอมเมนท์: วิทยาศาสตร์ฉลาดรู..


 Copyright 2026. Bcnsprnw @Library